| 000 | 01104cam a2200325 a 4500 | ||
|---|---|---|---|
| 001 | 000001610 | ||
| 005 | 20250909115816.0 | ||
| 008 | 750718s1927 sp a 001 0 spa | ||
| 040 |
_aDO-SdBNP _bspa _cBNPHU |
||
| 041 | 1 | 7 |
_aeng _hspa |
| 082 |
_a148 _bH683l |
||
| 100 | 1 |
_aHobhouse, L. T. _q(Leonard Trelawny), _d1864-1929. _95270 |
|
| 240 | 1 | 0 |
_aLiberalism. _lEspañol |
| 245 | 1 | 0 |
_aLiberalismo / _cL. T. Hobhouse ; traducción Julio Calvo Alfaro. |
| 260 |
_aBarcelona : _bEditorial Labor, _c1927. |
||
| 300 |
_a196 p. : _bil. ; _c18 cm. |
||
| 490 | 1 | _aLabor | |
| 490 | 1 |
_aSección _v9 |
|
| 490 | 1 |
_aPolítica _vv. 133 |
|
| 490 | 1 | _aBiblioteca de Iniciación Cultural | |
| 534 |
_aTítulo original: _tLiberalism. |
||
| 504 | _aIncluye referencias bibliográficas y notas al pie de las páginas | ||
| 650 | 0 |
_aLiberalismo _95271 |
|
| 651 | 4 |
_aGran Bretaña _xPolítica Y Gobierno _y1837-1901. _95272 |
|
| 700 | 1 |
_aCalvo Alfaro, Julio, _etr. _95273 |
|
| 830 | 0 |
_aLabor _95274 |
|
| 830 | 0 |
_aSección _v9 _95275 |
|
| 830 | 0 |
_aPolítica _vv. 133 _92269 |
|
| 830 | 0 |
_aBiblioteca de Iniciación Cultural _95276 |
|
| 999 |
_c1502 _d1502 |
||